Practical guide to employees' provident funds : (Record no. 122864)
[ view plain ]
| 000 -LEADER | |
|---|---|
| fixed length control field | 00820nam a22002537a 4500 |
| 005 - DATE AND TIME OF LATEST TRANSACTION | |
| control field | 20170124105916.0 |
| 010 ## - LIBRARY OF CONGRESS CONTROL NUMBER | |
| LC control number | B-167945 |
| 020 ## - INTERNATIONAL STANDARD BOOK NUMBER | |
| Terms of availability | 295.00 |
| International Standard Book Number | 9788175345331 |
| 035 ## - SYSTEM CONTROL NUMBER | |
| System control number | B-167945 |
| 037 ## - SOURCE OF ACQUISITION | |
| Source of stock number/acquisition | Cen Lib/Ret |
| 040 ## - CATALOGING SOURCE | |
| Original cataloging agency | DPL |
| Language of cataloging | EN |
| 082 ## - DEWEY DECIMAL CLASSIFICATION NUMBER | |
| Classification number | 025.4 |
| Item number | KUM |
| 100 ## - MAIN ENTRY--PERSONAL NAME | |
| Personal name | Kumar, H. L. |
| 9 (RLIN) | 7608 |
| 245 ## - TITLE STATEMENT | |
| Title | Practical guide to employees' provident funds : |
| Statement of responsibility, etc | by H. L. Kumar [and] Gaurav Kumar |
| Remainder of title | act, rules and schemes |
| 250 ## - EDITION STATEMENT | |
| Edition statement | 5th ed |
| 260 ## - PUBLICATION, DISTRIBUTION, ETC. (IMPRINT) | |
| Place of publication, distribution, etc | Delhi |
| Name of publisher, distributor, etc | Universal Law Publishing |
| Date of publication, distribution, etc | 2006 |
| 270 ## - ADDRESS | |
| Address | C-FF-1A, Dilkhush Industrial Estate, G. T. Karnal Raod |
| City | Delhi |
| Postal code | 110033 |
| 300 ## - PHYSICAL DESCRIPTION | |
| Extent | xxxvi, 347p. |
| Dimensions | 24cm(pbk) |
| 500 ## - GENERAL NOTE | |
| General note | Includes index |
| 650 ## - SUBJECT ADDED ENTRY--TOPICAL TERM | |
| Topical term or geographic name as entry element | Labour-Economics |
| 9 (RLIN) | 2771 |
| 650 ## - SUBJECT ADDED ENTRY--TOPICAL TERM | |
| Topical term or geographic name as entry element | Employees rules-Act |
| 9 (RLIN) | 2772 |
| 700 ## - ADDED ENTRY--PERSONAL NAME | |
| Personal name | Gaurav Kumar |
| 9 (RLIN) | 2774 |
| 942 ## - ADDED ENTRY ELEMENTS (KOHA) | |
| Source of classification or shelving scheme | Dewey Decimal Classification |
| Koha item type | English Books |
| Classification part | 342.068 |
| Call number suffix | KUM |
| Withdrawn status | Lost status | Damaged status | Not for loan | Collection code | Home library | Current library | Date acquired | Source of acquisition | Cost, normal purchase price | Total Checkouts | Full call number | Barcode | Date last seen | Copy number | Cost, replacement price | Price effective from | Koha item type |
|---|---|---|---|---|---|---|---|---|---|---|---|---|---|---|---|---|---|
| Not For Loan | Reference | Central Library | Central Library | 30/05/2015 | Cen Lib/Ret | 295.00 | 342.068 KUM | B-167945 | 30/05/2015 | 1 | 295.00 | 15/09/2016 | English Books | ||||
| Central Library | Central Library | 04/08/2015 | Cen Lib/Ret | 295.00 | 342.068 KUM | B-167944 | 04/08/2015 | 2 | 295.00 | 15/09/2016 | English Books |
